Najlepsi piłkarze Bayernu Monachium - Statystyki

Ogólne statystyki
  • Ten quiz został rozwiązany 365 razy
  • Średni wynik to 9 z 15
Statystyki odpowiedzi
Hint Odpowiedź % Poprawnych
2 Lewandowski
97%
1 Gerd Muller
93%
5 Thomas Muller
93%
4 Neuer
84%
13 Ribery
70%
14 Robben
67%
8 Lahm
63%
10 Kahn
54%
3 Beckenbauer
53%
15 Kimmich
51%
12 Boateng
44%
9 Schweinsteiger
36%
7 Matthaus
27%
6 Rummenigge
19%
11 Maier
12%
Nie znaleziono quizów pasujących do podanych kryteriów
Rozkład punktacji
Procent ludzi z każdym wynikiem
Percentyl według liczby udzielonych odpowiedzi
Twoja historia wyników
Nie rozwiązałeś tego quizu